Catalog

Record Details

Catalog Search



Available copies

  • 1 of 1 copy available at LARL/NWRL Consortium.

Current holds

0 current holds with 1 total copy.

Show Only Available Copies
Location Call Number / Copy Notes Barcode Shelving Location Status Due Date
Greenbush Public Library ya pb (Text) 35500004847123 Main Available -

Record details

  • ISBN: 9781442403376 (pbk.)
  • ISBN: 1442403373 (pbk.)
  • Physical Description: xiii, 175 p. ; 18 cm.
  • Edition: 1st Simon Pulse paperback ed.
  • Publisher: New York : Simon Pulse, 2010.

Content descriptions

General Note:
"A retelling of 'Jack and the Beanstalk.'"
Includes excerpt from: Wild orchid.
Summary, etc.:
When her twin brother, Jack, disappears after ... Read More
Subject: Brothers and sisters > Juvenile fiction.
Twins > Juvenile fiction.
Imaginary places > Juvenile fiction.
Giants > Juvenile fiction.
Fairy tales > Adaptations.
Genre: Young adult fiction.
LDR 01551cam a2200361Ia 4500
001120699
003LARL_NWRL_CONSORTIUM
00520100721092708.0
008091109s2010 nyu j 000 1 eng d
020 . ‡a9781442403376 (pbk.)
020 . ‡a1442403373 (pbk.)
035 . ‡a(OCoLC)464592726
1001 . ‡aDokey, Cameron. ‡0(LARL_NWRL_CONSORTIUM)139087
24514. ‡aThe world above ‡n#19/ ‡cCameron Dokey.
250 . ‡a1st Simon Pulse paperback ed.
260 . ‡aNew York : ‡bSimon Pulse, ‡c2010.
300 . ‡axiii, 175 p. ; ‡c18 cm.
4900 . ‡aOnce upon a time; ‡v19
500 . ‡a"A retelling of 'Jack and the Beanstalk.'"
500 . ‡aIncludes excerpt from: Wild orchid.
520 . ‡aWhen her twin brother, Jack, disappears after scaling a magical beanstalk in an effort to reclaim their destitute family's riches, Gen enters the mysterious "Land Above" and confronts a dangerous giant, in a reimagining of the classic tale, "Jack and the Beanstalk."
650 0. ‡aBrothers and sisters ‡vJuvenile fiction. ‡0(LARL_NWRL_CONSORTIUM)163775
650 0. ‡aTwins ‡vJuvenile fiction. ‡0(LARL_NWRL_CONSORTIUM)167782
650 0. ‡aImaginary places ‡vJuvenile fiction.
650 0. ‡aGiants ‡vJuvenile fiction. ‡0(LARL_NWRL_CONSORTIUM)172312
650 0. ‡aFairy tales ‡vAdaptations. ‡0(LARL_NWRL_CONSORTIUM)164915
655 0. ‡aYoung adult fiction.
901 . ‡a120699 ‡bOCLC ‡c120699 ‡tbiblio

Additional Resources